000 00532cam a2200217ua 4500
001 9762
008 160824n ii |||gr||||Z||||||asm
020 _a9788192086224
040 _cMAIN
041 _aasm
082 _a510
100 _aGoswami, Kailash,
_eAuthor.
245 _aVigyan ranir jadumanch
_cBy Kailash Goswami
250 _a2nd ed.
260 _aGuwahati:
_bTechno Ed publications,
_c2011.
300 _a128p.
653 _aMathematics
653 _aMathematical drama
653 _aPopular science
942 _cBK
999 _c8773
_d8773